Architettura e liturgia nella chiesa antica /
Saved in:
| Main Author: | |
|---|---|
| Format: | Book |
| Language: | Italian |
| Published: |
Milano :
Skira,
2005.
|
| Subjects: | |
| Tags: |
Add Tag
No Tags, Be the first to tag this record!
|
| LEADER | 00680nam a2200229 a 4500 | ||
|---|---|---|---|
| 001 | 009727762-2 | ||
| 005 | 20070901123628.0 | ||
| 008 | 051108s2005 it a 000 0 ita d | ||
| 020 | |a 8876243445 : |c 30.00 EUR. | ||
| 035 | 0 | |a ocn406354395 | |
| 040 | |a ItFiC |b ita |c ItFiC | ||
| 050 | 0 | 0 | |a NA4817 |b .L53 2005 |
| 082 | 1 | 4 | |a 726 |2 21 |
| 100 | 1 | |a Liccardo, Giovanni. | |
| 245 | 1 | 0 | |a Architettura e liturgia nella chiesa antica / |c Giovanni Liccardo. |
| 260 | |a Milano : |b Skira, |c 2005. | ||
| 300 | |a 216 p. : |b ill. ; |c 21 cm. | ||
| 504 | |a Includes bibliographical references. | ||
| 650 | 0 | |a Architecture, Early Christian. | |
| 650 | 0 | |a Liturgy and architecture. | |
| 988 | |a 20070809 | ||
| 906 | |0 VEN | ||


